000 01611nam a2200277 a 4500
001 000018955
005 20240418073801.0
008 100521t2004 dr a 001 p spa d
020 _a9945404008
040 _aDO-SdBNP
_bspa
_cBNPHU
082 _aRD861.44
_bA162a
100 1 _aAbréu Mejía, Rafael,
_d1939-2004
_940790
245 1 0 _aÁmbito del ser profundo :
_bantología poética 1968-2002 /
_cRafael Abréu Mejía ; selección y edición Miguel Collado ; presentación Tony Raful.
246 1 3 _aantología poética 1968-2002 /
260 _aSanto Domingo :
_bSecretaría de Estado de Cultura,
_c2004.
300 _a146 p. :
_bil. ;
_c22 cm.
500 _aIncluye datos biográficos del autor en las solapas
504 _aIncluye referencias bibliográficas y notas al pie de páginas.
505 0 _tRafael Abréu Mejía, un auténtico amigo /
_rTony Raful --
_tRafael Abréu Mejía, permanente cultor y amante de la poesía /
_rMateo Morrison --
_tHa partido el poeta Abreu Mejía /
_rMiguel Collado --
_gTextos seleccionados :
_tPoesía --
_tLa luz abre un paréntesis --
_tCon las manos de mi alma --
_tÁmbito del ser profundo --
_tHai Q Ram --
_tEl antilibro de las chchufletas --
_tPeccata minuta --
_tDespués de la pólvora --
_tMi casa y otros lugares --
_tTrasmutaciones --
_tEvocación de la nostalgia --
_tPájaros de piedra --
_tTextos dispersos.
590 _aInventariado, 2018/VM
650 0 _aPoesía dominicana
_966
650 0 _aLiteratura dominicana.
_967
700 1 _aCollado, Miguel A.,
_d1954-
_eed.
_924696
700 1 _aRaful, Tony,
_d1951-
_91377
910 _aValidado. Control de calidad EMS.
999 _c18473
_d18473